Colombia : Issues for Congress.

Examines current conditions in and U.S. policy towards Colombia. Discusses the presence of illegally armed groups, developments within the Uribe Administration, and issues for Congress, including Colombia drug trafficking trends and prevention efforts, terrorism, human rights, regional security, oil...

Full description

Bibliographic Details
Corporate Authors: Library of Congress. Congressional Research Service, ProQuest (Firm)
Format: eBook
Language:English
Published: [Place of publication not identified] : [publisher not identified], 2004.
Series:U.S. Congressional Research.
Subjects:
Online Access:Connect to the full text of this electronic book

MARC

Tag First Indicator Second Indicator Subfields
LEADER 00000cam a22000001a 4500
001 in00003309621
006 m d f
007 cr bn mmmapmmp
008 101130s2004 dcu o f000 0 eng d
005 20260429204913.6
035 |a cis2007844561 
040 |a ProQuest  |c ProQuest  |d UtOrBLW 
043 |a n-us--- 
099 |a CRS-2004-FDT-0591 
110 2 |a Library of Congress.  |b Congressional Research Service. 
245 1 0 |a Colombia :  |b Issues for Congress. 
264 1 |a [Place of publication not identified] :  |b [publisher not identified],  |c 2004. 
300 |a 1 online resource. 
336 |a text  |b txt  |2 rdacontent 
337 |a computer  |b c  |2 rdamedia 
338 |a online resource  |b cr  |2 rdacarrier 
500 |a Record is based on bibliographic data in ProQuest U.S. Congressional Research Digital Collection (last viewed Nov. 2010). Reuse except for individual research requires license from ProQuest, LLC. 
500 |a CRS Report. 
520 |a Examines current conditions in and U.S. policy towards Colombia. Discusses the presence of illegally armed groups, developments within the Uribe Administration, and issues for Congress, including Colombia drug trafficking trends and prevention efforts, terrorism, human rights, regional security, oil production, and funding for Plan Colombia, an assistance program to combat drug trafficking and revive the Colombian economy. 
500 |a Electronic resource. 
650 0 |a Power resources. 
650 0 |a Economic assistance. 
650 0 |a International relations. 
655 7 |a Electronic books.  |2 local 
710 2 |a ProQuest (Firm) 
776 0 8 |i Microfiche version:   |a Library of Congress. Congressional Research Service.  |t Colombia 
830 0 |a U.S. Congressional Research. 
856 4 0 |u http://proxy.library.tamu.edu/login?url=https://congressional.proquest.com/congcomp/getdoc?CRDC-ID=CRS-2004-FDT-0591  |z Connect to the full text of this electronic book  |t 0 
999 |a MARS 
999 f f |s 166ebd94-32f4-3f39-be87-f9a3675d016f  |i 319504a8-c03f-398e-abe7-87b7c5f0fe57  |t 0 
952 f f |a Texas A&M University  |b College Station  |c Electronic Resources  |s www_evans  |d Available Online  |t 0  |e CRS-2004-FDT-0591  |h Other scheme 
998 f f |a CRS-2004-FDT-0591  |t 0  |l Available Online